[Event "Tres Lagoas nt"]
[Site "Tres Lagoas"]
[Date "2015.08.08"]
[Round "2.6"]
[White "Amorim, Mateus Da Cunha Via"]
[Black "Dos Santos, Edson Trajano"]
[Result "0-1"]
[WhiteElo "1767"]
[BlackElo "1800"]
[PlyCount "70"]
[EventDate "2015.08.08"]
[EventType "swiss"]
[EventRounds "5"]
[EventCountry "BRA"]
[SourceTitle "EXT 2022"]
[Source "ChessBase"]
[SourceDate "2021.10.06"]
[SourceVersion "1"]
[SourceVersionDate "2021.10.06"]
[SourceQuality "1"]

1. e4 e5 2. d3 d5 3. Nf3 Nc6 4. Bg5 Be7 5. Be3 Bg4 6. Be2 Bxf3 7. Bxf3 d4 8. Bd2 Nf6 9. 0-0 Qd7 10. c3 0-0 11. cxd4 Nxd4 12. Bc3 Bc5 13. Bd2 Nxf3+ 14. Qxf3 Rfd8 15. Nc3 Qxd3 16. Bg5 Qxf3 17. gxf3 c6 18. Rfd1 Bd4 19. Ne2 h6 20. Be3 c5 21. Rd2 Bxe3 22. Rxd8+ Rxd8 23. fxe3 Rd2 24. Kf1 b5 25. Rc1 c4 26. f4 Ng4 27. Ke1 Rxb2 28. Ra1 b4 29. fxe5 Nxe3 30. a4 Nc2+ 31. Kd1 Nxa1 32. Nf4 Rxh2 33. e6 fxe6 34. Nxe6 c3 35. Kc1 Rh1# 0-1